Hambre

Guardado en:
Bibliografiske detaljer
Hovedforfatter: Hamsun, Knut
Format: Bog
Sprog:Undetermined
Udgivet: San José, Costa Rica EDUCA 1997
Fag:
Tags: Tilføj Tag
Ingen Tags, Vær først til at tagge denne postø!

MARC

LEADER 00000nam a2200000Ia 4500
008 170316s9999 xx 000 0 und d
090 |a 800-N H-1h 
100 |a Hamsun, Knut 
245 |a Hambre 
260 |a San José, Costa Rica 
260 |b EDUCA 
260 |c 1997 
300 |a 241 páginas 
650 |a OTRAS LITERATURAS 
650 |a LITERATURA DE NORUEGA 
999 |c 19937  |d 19937 
040 |a cru BVZT 
942 |c 15 D  |h 800-N H-1h  |2 z